000 00781cam a2200169 4500
001 6953
020 _a1405000988
082 0 4 _a808.2
_221
245 0 4 _aThe writer's handbook guide to writing for stage and screen /
_cedited by Barry Turner
260 _aLondon :
_bMacmillan,
_c2003
300 _aviii, 260 p. ;
_c21 cm
505 _aIndhold: James Roose-Evans: Writing for the thetre. Hugh Whitemore: Writing plays is like learning a foreign language. Carl Miller: Catching them young. Bob Ritchie: Breaking the screen barrier ; In conversation with Mal Young. Timothy West: This gun that I have in my right hand is loaded. -- Listings
_g
_r
_t
650 0 _aDrama
_xTechnique
650 0 _aPlaywriting
700 1 _aTurner, Barry,
_d1937-
999 _c5889
_d5889